| 000 | 00000nam 2200000za 4500 |
| 001 | 9.839275 |
| 003 | CaOODSP |
| 005 | 20240703102706 |
| 007 | cr ||||||||||| |
| 008 | 170706s2017 onco o f|f0|0 | eng d |
| 020 | |z978-0-660-08371-1 |
| 040 | |aCaOODSP|beng |
| 043 | |an-cn--- |
| 086 | 1 |aA104-97/2017E-PDF |
| 086 | 1 |zA104-97/2017 |
| 245 | 10|aInvasive plants field guide |h[electronic resource]. |
| 260 | |a[Ottawa] : |bCanadian Food Inspection Agency, |cc2017. |
| 300 | |a[44] p. : |bphotos. |
| 500 | |aCover title. |
| 500 | |aIssued also in French under title: Guide des plantes envahissantes. |
| 504 | |aIncludes bibliographical references. |
| 692 | 07|2gccst|aPlants |
| 710 | 2 |aCanadian Food Inspection Agency. |
| 775 | 08|tGuide des plantes envahissantes |w(CaOODSP)9.839276 |
| 856 | 40|qPDF|s2.18 MB|uhttps://publications.gc.ca/collections/collection_2017/acia-cfia/A104-97-2017-eng.pdf |
| 986 | |aCFIA P0930-17 |